Biblioteca "Ernesto Sabato"
Facultad de Derecho y Ciencias Sociales
Facultad de Lenguas
Universidad Nacional del Comahue

Pensar en derecho (Record no. 2774)

MARC details
000 -CABECERA
campo de control de longitud fija 00632cas a22002052a 4500
001 - NÚMERO DE CONTROL
campo de control 000867
003 - IDENTIFICADOR DEL NÚMERO DE CONTROL
campo de control AR-FADEU
005 - FECHA Y HORA DE LA ÚLTIMA TRANSACCIÓN
campo de control 20260410114001.0
008 - DATOS DE LONGITUD FIJA--INFORMACIÓN GENERAL
campo de control de longitud fija 311216n############xxu####################dd
022 ## - NÚMERO INTERNACIONAL NORMALIZADO PARA PUBLICACIONES SERIADAS
Número Internacional Normalizado para Publicaciones Seriadas 2314-0186
040 ## - FUENTE DE LA CATALOGACIÓN
Centro/agencia transcriptor Biblioteca Ernesto Sábato
092 ## - SIGNATURA TOPOGRÁFICA
Número de clasificación PP(340)
Libristica PEN
Sector PPGR
245 ## - MENCIÓN DE TÍTULO
Título Pensar en derecho
260 ## - PUBLICACIÓN, DISTRIBUCIÓN, ETC. (PIE DE IMPRENTA)
Nombre del editor, distribuidor, etc. Eudeba
260 ## - PUBLICACIÓN, DISTRIBUCIÓN, ETC. (PIE DE IMPRENTA)
Lugar de publicación, distribución, etc. Buenos Aires
260 ## - PUBLICACIÓN, DISTRIBUCIÓN, ETC. (PIE DE IMPRENTA)
Lugar de publicación, distribución, etc. Universidad de Buenos Aires. Facultad de Derecho
300 ## - DESCRIPCIÓN FÍSICA
Otras características físicas 2015 3, 4 (5-7 ); 2017 5 (10); 2018 5 (12-13); 2019 (13-14)
650 ## - Descriptores Tematicos
Término de materia o nombre geográfico como elemento inicial DERECHO; CORTE SUPREMA INTERNACIONAL; MEDIACION; DERECHO CONSTITUCIONAL
942 ## - ELEMENTOS DE PUNTO DE ACCESO ADICIONAL (KOHA)
Tipo de ítem Koha PPGR
Fuente del sistema de clasificación o colocación Dewey Decimal Classification

No items available.

Facultad de Derecho y Ciencias Sociales | Universidad Nacional del Comahue | Mendoza y Perú General Roca | Río Negro CP (8332) | Patagonia Argentina | Teléfono: 54-0298-4433670 | | Fax: 0298-4432093 | Fax alumnos: 0298-4435700